000 00295nam a22001337a 4500
008 170511b xxu||||| |||| 00| 0 eng d
020 _a9781599410647
041 _aeng
080 _26TH
_a347
100 _a15
101 _aSHJ
245 _aDOMESTIC RELATIONS
_cWADLINGTON,W
942 _2udc
_cBK
999 _c13232
_d13232